Statistics for Countries Alphabetically Closest to the Letter A

Click here to take the quiz!

General Stats

  • This quiz has been taken 52 times
  • The average score is 12 of 15

Answer Stats

ContinentAnswer% Correct
EuropeAlbania
94%
South AmericaArgentina
91%
OceaniaAustralia
91%
EuropeAndorra
89%
AsiaArmenia
89%
AfricaAlgeria
87%
North AmericaAntigua and Barbuda
87%
EuropeAustria
83%
AsiaAzerbaijan
83%
AsiaAfghanistan
81%
AfricaAngola
77%
North AmericaBarbados
72%
North AmericaBahamas
70%
AsiaBahrain
66%
AsiaBangladesh
64%

Score Distribution

Percentile by Number Answered

Percent of People with Each Score

Your Score History

You have not taken this quiz